Sports Quiz

Random Sports Quiz

Old School PAC 12 Quiz Stats

 Plays Quiz not verified by Sporcle

Also try: NHL Goalie Goals
Challenge
Share
Tweet
Embed
Score 0/12 Timer 04:00
0 Plays Today
Year School % Correct
Mar 23, 1868University of California Berkeley
97.1%
1861University of Washington
94.1%
1850University of Utah
91.2%
Oct 27, 1868Oregon State University
88.2%
1880University of Southern California
82.4%
Fall 1876University of Oregon
79.4%
1919University of California Los Angeles
79.4%
1891Stanford University
79.4%
1890Washington State University
79.4%
Jan* 1885University of Arizona
76.5%
Mar 12, 1885Arizona State University
73.5%
Mar 14, 1876University of Colorado
23.5%

You're not logged in!

Compare scores with friends on all Sporcle quizzes.
Join for Free
OR
Log In

You Might Also Like...

Show Comments

Extras

Created Apr 10, 2017ReportFavoriteNominate
Tags:founded, pac, Pac-12

Top Quizzes Today


Score Distribution

Your Account Isn't Verified!

In order to create a playlist on Sporcle, you need to verify the email address you used during registration. Go to your Sporcle Settings to finish the process.

Report this User

Report this user for behavior that violates our Community Guidelines.

Details: